Spirit of peace 50 Years of peacekeeping around the globe by Pakistan Army (Record no. 612786)

000 -LEADER
fixed length control field 00365nam a22001337a 4500
040 ## - CATALOGING SOURCE
Transcribing agency NUST
082 ## - DEWEY DECIMAL CLASSIFICATION NUMBER
Classification number 341.584
Author Mark GHQ 2011
100 00 - MAIN ENTRY--PERSONAL NAME
Personal name GHQ
9 (RLIN) 38260
245 ## - TITLE STATEMENT
Title Spirit of peace 50 Years of peacekeeping around the globe by Pakistan Army
Statement of responsibility, etc. GHQ
260 ## - PUBLICATION, DISTRIBUTION, ETC.
Place of publication, distribution, etc. Rawalpindi
Name of publisher, distributor, etc. GHQ
Date of publication, distribution, etc. 2011
300 ## - PHYSICAL DESCRIPTION
Extent 157 p,
650 ## - SUBJECT ADDED ENTRY--TOPICAL TERM
Source of heading or term Pakistan Army-Peacekeeping
942 ## - ADDED ENTRY ELEMENTS (KOHA)
Source of classification or shelving scheme
Koha item type Book
Holdings
Withdrawn status Lost status Source of classification or shelving scheme Damaged status Not for loan Permanent Location Current Location Shelving location Date acquired Total Checkouts Full call number Barcode Date last seen Price effective from Koha item type
          Centre for International Peace & Stability (CIPS) Centre for International Peace & Stability (CIPS) General Stacks 01/06/2014   341.584 GHQ 2011 CIPSD0000015 02/03/2025 02/03/2025 Book
          Centre for International Peace & Stability (CIPS) Centre for International Peace & Stability (CIPS) General Stacks 01/06/2014   341.584 GHQ 2011 CIPSD0000016 02/03/2025 02/03/2025 Book
          Centre for International Peace & Stability (CIPS) Centre for International Peace & Stability (CIPS) General Stacks 01/06/2014   341.584 GHQ 2011 CIPSD0000017 02/03/2025 02/03/2025 Book
          Centre for International Peace & Stability (CIPS) Centre for International Peace & Stability (CIPS) General Stacks 01/06/2014   341.584 GHQ 2011 CIPSD0000018 02/03/2025 02/03/2025 Book
          Centre for International Peace & Stability (CIPS) Centre for International Peace & Stability (CIPS) General Stacks 01/06/2014   341.584 GHQ 2011 CIPSD0000019 02/03/2025 02/03/2025 Book
© 2023 Central Library, National University of Sciences and Technology. All Rights Reserved.